000 00322nam a2200145Ia 4500
100 _aDieter/George.
942 _cBK
366 _f15
654 _aMechanical Metallurgy
245 _aMechanical Metallurgy.
260 _bMcgrqwhill Book Company.
_aLondon.
082 _a620.1/DIE
300 _a751
546 _aENGLISH
999 _c31531
_d31531